000 00741nam a2200229Ia 4500
001 65069
003 137795
005 20250115084513.0
008 ||||||n9999 ||| || ||
041 _aspa
100 _aRueda Quintero, Jorge Enrique
_988698
245 0 _aCedula de ciudadania
_bidentificacion justo a tiempo
260 _aBogotá :
_bEscuela Superior de Administración Pública - ESAP,
_c1998.
300 _a40h
500 _aTesis
562 _e3
650 0 _aCédula de ciudadanía
_985722
650 _aDOCUMENTOS DE IDENTIFICACION
_94876
650 _aESPECIALIZACIÓN EN GESTIÓN PÚBLICA--TESIS Y DISERTACIONES ACADÉMICAS
_y1998
_985791
650 _aTESIS Y DISERTACIONES ACADÉMICAS
_988699
942 _cTESIS
999 _c65069
_d65069